[Event "World Senior 50+ 2014"]
[Site "Katerini GRE"]
[Date "2014.10.28"]
[Round "5.16"]
[White "Wilson, F Leon"]
[Black "Osmolny, Vladimir I."]
[Result "0-1"]
[BlackTitle "FM"]
[WhiteElo "1572"]
[BlackElo "2154"]
[WhiteFideId "2048302"]
[BlackFideId "24137049"]
[EventDate "2014.10.24"]

1. d4 Nf6 2. c4 e6 3. Nc3 d5 4. Nf3 Nbd7 5. Bg5 Be7 6. cxd5 exd5 7. e3 O-O 8.
Bd3 c6 9. O-O Re8 10. h3 Nf8 11. Rc1 Ne4 12. Bxe7 Qxe7 13. Qc2 f5 14. Ne5 Nd7
15. f3 Nxc3 16. Qxc3 Nxe5 17. dxe5 Qxe5 18. Qxe5 Rxe5 19. Rfe1 Bd7 20. f4 Re7
21. Re2 Kf7 22. h4 Kf6 23. Kf2 b6 24. b4 a5 25. Rb1 axb4 26. Rxb4 b5 27. Rbb2
Ra3 28. Rb3 Rxb3 29. axb3 c5 30. Ra2 c4 31. bxc4 dxc4 32. Ra6+ Re6 33. Rxe6+
Bxe6 34. Bc2 b4 35. Ke1 b3 36. Bb1 c3 37. Kd1 Bd5 38. g3 Bf3+ 39. Kc1 h5 40. Bd3
Be4 41. Bxe4 fxe4 42. Kb1 Kf5 43. Kc1 Kg4 44. f5 Kxg3 45. Kd1 Kf3 46. Kc1 Ke2
47. f6 gxf6 48. Kb1 Kd2 49. Ka1 c2 50. Kb2 c1=Q+ 51. Kxb3 Qc5 52. Ka4 Qb6 53.
Ka3 Kc3 54. Ka4 Qa6# 0-1

[Event "World Senior 50+ 2014"]
[Site "Katerini GRE"]
[Date "2014.10.28"]
[Round "5.17"]
[White "Pashkov, Vladimir M."]
[Black "Giulian, Philip M"]
[Result "1/2-1/2"]
[BlackTitle "FM"]
[WhiteElo "1818"]
[BlackElo "2177"]
[WhiteFideId "24194778"]
[BlackFideId "2400197"]
[EventDate "2014.10.24"]

1. d4 d6 2. e4 Nf6 3. Nc3 g6 4. Bc4 Bg7 5. f3 Nc6 6. Be3 e5 7. d5 Ne7 8. Qd2 a6
9. a4 O-O 10. Nge2 Ne8 11. g4 f5 12. gxf5 gxf5 13. exf5 Nxf5 14. Bg5 Nf6 15. Ne4
Qe8 16. O-O-O Kh8 17. Rhg1 b5 18. Nxf6 Bxf6 19. Bd3 Bd7 20. Rg2 bxa4 21. Rdg1
Qe7 22. Nc3 Nd4 23. Be4 Rg8 24. h4 Raf8 25. Qd3 Bxg5+ 26. hxg5 Bf5 27. g6 Rxg6
28. Rxg6 hxg6 29. f4 Qh4 30. fxe5 dxe5 31. Qe3 Qf4 32. Qxf4 exf4 33. Bxf5 Nxf5
34. Rxg6 f3 35. Nd1 Ne7 36. Rxa6 f2 37. Nxf2 Rxf2 38. c4 Rf8 1/2-1/2

[Event "World Senior 50+ 2014"]
[Site "Katerini GRE"]
[Date "2014.10.28"]
[Round "5.18"]
[White "Findlay, David John"]
[Black "Auvinen, Esa"]
[Result "1-0"]
[WhiteElo "2162"]
[BlackElo "1972"]
[WhiteFideId "2400278"]
[BlackFideId "501069"]
[EventDate "2014.10.24"]

1. e4 e5 2. Nc3 Nf6 3. g3 d5 4. exd5 Nxd5 5. Bg2 Nxc3 6. bxc3 Bc5 7. Qh5 Qe7 8.
Nf3 O-O 9. O-O Nc6 10. Re1 f6 11. d4 Bd6 12. Nh4 Qf7 13. Qxf7+ Kxf7 14. Bd5+ Be6
15. Be4 exd4 16. cxd4 Nxd4 17. Be3 f5 18. Bd3 Nc6 19. Bxf5 Bxf5 20. Nxf5 Be5 21.
Rab1 b6 22. Bd2 Rad8 23. Re2 Kf6 24. Ne3 h5 25. f4 Bd4 26. Kg2 Rfe8 27. Nd5+ Kf7
28. Rxe8 Rxe8 29. Re1 Ne7 30. Nxe7 Rxe7 31. Rxe7+ Kxe7 32. Kf3 g6 33. Ke4 Bg1
34. h3 Ke6 35. g4 hxg4 36. hxg4 c6 37. Bc3 Bc5 38. Be5 a5 39. Bd4 Bxd4 40. Kxd4
Kf6 41. c4 a4 42. Kc3 c5 43. Kb2 g5 44. f5 Ke5 45. Ka3 1-0

[Event "World Senior 50+ 2014"]
[Site "Katerini GRE"]
[Date "2014.10.28"]
[Round "5.19"]
[White "Sand, Rolf"]
[Black "Vardakas, Stefanos"]
[Result "1/2-1/2"]
[WhiteElo "1969"]
[BlackElo "1954"]
[WhiteFideId "4610334"]
[BlackFideId "4205294"]
[EventDate "2014.10.24"]

1. c4 e5 2. g3 Nf6 3. Bg2 d5 4. cxd5 Nxd5 5. Nf3 Nc6 6. O-O Nb6 7. Nc3 Be7 8. a3
Be6 9. b4 f6 10. d3 O-O 11. b5 Nd4 12. Nd2 Nd5 13. Bxd5 Bxd5 14. e3 Be6 15. exd4
Qxd4 16. Bb2 Qxd3 17. Nde4 Qc4 18. Nd2 Qd3 19. Nde4 1/2-1/2

[Event "World Senior 50+ 2014"]
[Site "Katerini GRE"]
[Date "2014.10.28"]
[Round "5.20"]
[White "Lim, Kian Hwa"]
[Black "Hafez, Bakr"]
[Result "0-1"]
[BlackTitle "IM"]
[WhiteElo "1787"]
[BlackElo "2013"]
[WhiteFideId "5700744"]
[BlackFideId "8103607"]
[EventDate "2014.10.24"]

1. e4 c5 2. Nc3 Nc6 3. g3 g6 4. Bg2 Bg7 5. d3 e6 6. Nge2 Nge7 7. Be3 d6 8. Qd2
a6 9. O-O b5 10. f4 b4 11. Nd1 Bb7 12. g4 Qd7 13. Ng3 f5 14. h3 O-O 15. Kh2 a5
16. c3 Ba6 17. Rg1 Rac8 18. Nf2 Kh8 19. d4 cxd4 20. cxd4 d5 21. gxf5 exf5 22. e5
Nd8 23. h4 Ne6 24. Nh3 Bh6 25. Bf3 Rc7 26. Rac1 Rfc8 27. h5 Qa4 28. Rxc7 Rxc7
29. Bd1 Qxa2 30. Ng5 Bxg5 31. fxg5 Qc4 32. hxg6 hxg6 33. Qf2 Ng8 34. Kg2 f4 35.
Bxf4 Rf7 36. Ne2 Qd3 37. Rh1+ Kg7 38. Qh4 Qe4+ 39. Kg3 Bxe2 40. Bxe2 Rxf4 41.
Bg4 Qe3+ 42. Kg2 Nxg5 43. e6 Qd2+ 44. Kg3 Qf2# 0-1

[Event "World Senior 50+ 2014"]
[Site "Katerini GRE"]
[Date "2014.10.28"]
[Round "5.21"]
[White "Bluvshtein, Ilia"]
[Black "Bobke, Laurenz"]
[Result "1-0"]
[WhiteElo "2088"]
[BlackElo "1715"]
[WhiteFideId "2605317"]
[BlackFideId "1270575"]
[EventDate "2014.10.24"]

1. e4 e6 2. d4 d5 3. Nc3 Be7 4. Nf3 Nf6 5. Bd3 b6 6. O-O Ba6 7. Bxa6 Nxa6 8.
exd5 Nxd5 9. Nxd5 exd5 10. Qe2 Nb8 11. Re1 Nc6 12. Ne5 Nxd4 13. Qg4 Ne6 14. Nxf7
Kxf7 15. Qxe6+ Kf8 16. Bf4 Bf6 17. Rad1 d4 18. c3 Qe8 19. Qd5 Qd8 20. Qc6 Rc8
21. cxd4 Kf7 22. Qe6+ Kf8 23. Be5 Bxe5 24. Rxe5 g6 25. Rd3 Kg7 26. Rd5 Re8 27.
Rd7+ Kh8 28. Rxd8 Rcxd8 29. Qf6+ Kg8 30. Re3 1-0

[Event "World Senior 50+ 2014"]
[Site "Katerini GRE"]
[Date "2014.10.28"]
[Round "5.22"]
[White "Patola, Eero"]
[Black "Caribe Santos, Luiz Carlos"]
[Result "1-0"]
[WhiteElo "1857"]
[BlackElo "1590"]
[WhiteFideId "504092"]
[BlackFideId "2171708"]
[EventDate "2014.10.24"]

1. e4 c5 2. c4 Nc6 3. Nc3 d6 4. g3 Nf6 5. h3 e5 6. Bg2 Be6 7. d3 Be7 8. Nge2 O-O
9. O-O a6 10. f4 exf4 11. gxf4 Nd4 12. Nxd4 cxd4 13. Ne2 Qb6 14. b3 Nd7 15. f5
Bxf5 16. Rxf5 g6 17. Rf1 g5 18. Bb2 Bf6 19. Ng3 Be5 20. Nf5 Nf6 21. Bc1 h6 22.
Nxh6+ Kg7 23. Ng4 Nh7 24. Rf5 f6 25. h4 Qd8 26. h5 Qe8 27. h6+ Kh8 28. Qf3 Qg6
29. Bd2 a5 30. Kf2 b6 31. Rh1 Rac8 32. Qd1 Rf7 33. Bf3 Rfc7 34. Qb1 Qe8 35. Be2
b5 36. Bxa5 Rc6 37. Bd2 bxc4 38. bxc4 Rb8 39. Qa1 Rcb6 40. a3 Qa4 41. Bb4 Ra8
42. Qd1 Rxb4 43. axb4 Qxb4 44. Qb1 Rb8 45. Qxb4 Rxb4 46. Ra1 Rb8 47. Ra7 Rf8 48.
Nxe5 dxe5 49. Bh5 1-0

[Event "World Senior 50+ 2014"]
[Site "Katerini GRE"]
[Date "2014.10.28"]
[Round "5.23"]
[White "Zybura, Andre"]
[Black "Karatas, Kursat"]
[Result "1-0"]
[WhiteElo "1975"]
[BlackElo "1741"]
[WhiteFideId "2606208"]
[BlackFideId "6336841"]
[EventDate "2014.10.24"]

1. e4 e5 2. Bc4 Nf6 3. d4 exd4 4. Nf3 Nxe4 5. Qxd4 Nf6 6. Nc3 c6 7. Bg5 Be7 8.
O-O-O d5 9. Rhe1 Be6 10. Qh4 Nbd7 11. Bd3 Nc5 12. Nd4 Nxd3+ 13. Rxd3 Qd7 14.
Nxe6 fxe6 15. Rde3 O-O-O 16. Rxe6 Rde8 17. Qd4 Ne4 18. Rxe7 Rxe7 19. Bxe7 Qxe7
20. Nxe4 dxe4 21. Qxe4 Qxe4 22. Rxe4 Kd7 23. Kd2 Rf8 24. f4 g5 25. Ke3 h6 26. g4
gxf4+ 27. Rxf4 Re8+ 28. Re4 Rf8 29. h4 a5 30. g5 hxg5 31. hxg5 Rf5 32. Rg4 Ke7
33. a4 Rc5 34. g6 Kf8 35. g7+ Kg8 36. c3 b5 37. axb5 cxb5 38. Rg6 a4 39. Kd3 Rh5
40. Rg2 Rf5 41. Kc2 Rc5 42. Rg4 Rh5 43. Kb1 Rf5 44. Ka2 Rh5 45. Ka3 Rf5 46. Kb4
Rh5 47. Ka5 Rh3 48. Kxb5 a3 49. bxa3 Rxc3 50. a4 Re3 51. a5 Re5+ 52. Kb4 Re6 53.
Rg5 Re1 54. a6 Rb1+ 55. Kc5 Ra1 56. Kb6 Rb1+ 57. Rb5 Re1 58. a7 Re6+ 59. Ka5 1-0

[Event "World Senior 50+ 2014"]
[Site "Katerini GRE"]
[Date "2014.10.29"]
[Round "6.1"]
[White "Sturua, Zurab"]
[Black "Nunn, John D M"]
[Result "1-0"]
[WhiteTitle "GM"]
[BlackTitle "GM"]
[WhiteElo "2523"]
[BlackElo "2602"]
[WhiteFideId "13600095"]
[BlackFideId "400017"]
[EventDate "2014.10.24"]

1. d4 Nf6 2. c4 g6 3. Nf3 Bg7 4. g3 c6 5. Bg2 d5 6. Qb3 O-O 7. O-O Qb6 8. Nc3
Na6 9. Qxb6 axb6 10. Na4 Nd7 11. cxd5 cxd5 12. Bd2 e6 13. Rfc1 b5 14. Nc3 b4 15.
Nb5 Nb6 16. b3 Rd8 17. Ne5 Bf8 18. Nd3 Bd7 19. Nc7 Rac8 20. Bg5 1-0

[Event "World Senior 50+ 2014"]
[Site "Katerini GRE"]
[Date "2014.10.29"]
[Round "6.2"]
[White "Sveshnikov, Evgeny"]
[Black "Hebden, Mark L"]
[Result "1/2-1/2"]
[WhiteTitle "GM"]
[BlackTitle "GM"]
[WhiteElo "2517"]
[BlackElo "2540"]
[WhiteFideId "4100638"]
[BlackFideId "400084"]
[EventDate "2014.10.24"]

1. e4 e5 2. Nf3 Nc6 3. Bc4 Be7 4. d4 d6 5. dxe5 dxe5 6. Qxd8+ Bxd8 7. Nc3 f6 8.
Be3 Na5 9. Be2 Be6 10. Nd2 Ne7 11. a3 Nc8 12. b4 Nc6 13. Bc4 Bxc4 14. Nxc4 Nb6
15. Nxb6 axb6 16. Ke2 Nb8 17. Nb5 Nd7 18. Rhd1 Nf8 19. Rd3 Ne6 20. Rad1 O-O 21.
g3 Re8 22. Rd7 Rc8 23. c4 Kf8 24. f4 exf4 25. gxf4 Kg8 26. Kf3 Nf8 27. R7d3 Ng6
28. Bf2 Be7 29. Rd7 Bd8 30. Bg3 Nf8 31. R7d3 Ne6 32. h4 g6 33. Bf2 f5 34. exf5
gxf5 35. h5 Bf6 36. Rd5 Rcd8 37. Rxd8 Rxd8 38. Rxd8+ Bxd8 39. Nd4 Nxd4+ 40. Bxd4
Kf7 41. b5 Ke6 42. Be5 c6 43. bxc6 bxc6 44. a4 c5 45. Ke3 1/2-1/2

[Event "World Senior 50+ 2014"]
[Site "Katerini GRE"]
[Date "2014.10.29"]
[Round "6.3"]
[White "Kristiansen, Jens"]
[Black "Arkell, Keith C"]
[Result "1-0"]
[WhiteTitle "GM"]
[BlackTitle "GM"]
[WhiteElo "2405"]
[BlackElo "2450"]
[WhiteFideId "1400061"]
[BlackFideId "400270"]
[EventDate "2014.10.24"]

1. d4 e6 2. c4 Bb4+ 3. Nc3 c5 4. e3 Bxc3+ 5. bxc3 Ne7 6. Bd3 d6 7. Ne2 Nbc6 8.
O-O e5 9. f4 f5 10. fxe5 dxe5 11. e4 f4 12. d5 Nb8 13. g3 g5 14. gxf4 gxf4 15.
Nxf4 exf4 16. Qh5+ Ng6 17. e5 Kd7 18. Bxf4 Nxf4 19. Rxf4 Kc7 20. Rf7+ Kb6 21.
Qh6+ Ka5 22. Rb1 Rg8+ 23. Kf2 Qg5 24. Qxg5 Rxg5 25. e6 Bxe6 26. dxe6 Nc6 27.
Rfxb7 Rf8+ 28. Rf7 Re8 29. Be4 Ne7 30. Rb5+ 1-0

[Event "World Senior 50+ 2014"]
[Site "Katerini GRE"]
[Date "2014.10.29"]
[Round "6.4"]
[White "Barle, Janez"]
[Black "Movsziszian, Karen"]
[Result "1-0"]
[WhiteTitle "IM"]
[BlackTitle "GM"]
[WhiteElo "2338"]
[BlackElo "2487"]
[WhiteFideId "14600021"]
[BlackFideId "13301152"]
[EventDate "2014.10.24"]

1. e4 d6 2. d4 g6 3. Nc3 Bg7 4. Nge2 Nf6 5. g3 O-O 6. Bg2 e5 7. O-O Nc6 8. dxe5
Nxe5 9. f4 Nc6 10. h3 Re8 11. g4 Bd7 12. Be3 b5 13. a3 a5 14. Ng3 b4 15. axb4
axb4 16. Rxa8 Qxa8 17. Nce2 Bc8 18. g5 Nd7 19. e5 Bb7 20. Bc1 Nd4 21. Bxb7 Nxe2+
22. Qxe2 Qxb7 23. Qc4 dxe5 24. f5 Qb6+ 25. Kg2 Qc5 26. Qb3 Qc6+ 27. Kh2 e4 28.
fxg6 Qxg6 29. Nf5 Ne5 30. Qd5 Nf3+ 31. Kh1 Qh5 32. Kg2 Nxg5 33. Bxg5 Qxg5+ 34.
Kh1 Rd8 35. Qxe4 Qh5 36. Qg2 1-0

[Event "World Senior 50+ 2014"]
[Site "Katerini GRE"]
[Date "2014.10.29"]
[Round "6.5"]
[White "Bischoff, Klaus"]
[Black "Chapman, Terry P D"]
[Result "1-0"]
[WhiteTitle "GM"]
[BlackTitle "FM"]
[WhiteElo "2504"]
[BlackElo "2304"]
[WhiteFideId "4600045"]
[BlackFideId "413399"]
[EventDate "2014.10.24"]

1. d4 Nf6 2. Nf3 g6 3. c4 c5 4. Nc3 cxd4 5. Nxd4 Bg7 6. e4 d6 7. Be2 Nc6 8. Nc2
O-O 9. O-O Nd7 10. Bd2 Nc5 11. b4 Ne6 12. Rc1 a5 13. a3 axb4 14. axb4 Ncd4 15.
Nxd4 Nxd4 16. Be3 e5 17. Nb5 Nxb5 18. cxb5 Be6 19. b6 f5 20. f3 d5 21. exd5 Bxd5
22. Rc5 Be6 23. Rc7 Rf7 24. Qc1 f4 25. Bc4 Qe8 26. Bc5 e4 27. fxe4 Be5 28. Rxf7
Qxf7 29. Bxe6 Qxe6 30. Qd2 Qc4 31. Qd5+ Qxd5 32. exd5 Kf7 33. Kf2 Ra1 34. Rxa1
Bxa1 35. Kf3 g5 36. Ke4 Kf6 37. h3 Bb2 38. Bf8 Bc3 39. b5 Kf7 40. Bd6 Kf6 41.
Bc7 Ke7 42. Kf5 Bd2 43. Be5 h5 44. Bf6+ Kd6 45. Bxg5 f3 46. gxf3 1-0

[Event "World Senior 50+ 2014"]
[Site "Katerini GRE"]
[Date "2014.10.29"]
[Round "6.6"]
[White "Kalegin, Evgenij"]
[Black "Furman, Boris"]
[Result "1-0"]
[WhiteTitle "IM"]
[BlackTitle "FM"]
[WhiteElo "2474"]
[BlackElo "2152"]
[WhiteFideId "4103416"]
[BlackFideId "4107187"]
[EventDate "2014.10.24"]

1. e4 c5 2. Nf3 Nc6 3. Bb5 g6 4. O-O Bg7 5. Re1 Nf6 6. Bxc6 bxc6 7. e5 Nd5 8. c4
Nc7 9. d4 cxd4 10. Qxd4 O-O 11. Qh4 f6 12. Bh6 Ne6 13. Bxg7 Kxg7 14. Nc3 fxe5
15. Nxe5 Rf4 16. Qg3 Qf8 17. Ne2 Rf5 18. Rad1 Qf6 19. Nxd7 Bxd7 20. Rxd7 Nc5 21.
Rd4 e5 22. Rdd1 Rf8 23. Qe3 e4 24. Ng3 Re5 25. Re2 a5 26. Red2 Qe6 27. Rd6 Qe8
28. Qd4 Rf6 29. Rxf6 Kxf6 30. Nxe4+ 1-0

[Event "World Senior 50+ 2014"]
[Site "Katerini GRE"]
[Date "2014.10.29"]
[Round "6.7"]
[White "Madeira, Wagner Martins"]
[Black "Bruno, Fabio"]
[Result "0-1"]
[WhiteTitle "FM"]
[BlackTitle "IM"]
[WhiteElo "2207"]
[BlackElo "2422"]
[WhiteFideId "2100797"]
[BlackFideId "801038"]
[EventDate "2014.10.24"]

1. e4 e6 2. d4 d5 3. Nc3 Bb4 4. Ne2 Nf6 5. e5 Nfd7 6. a3 Be7 7. f4 g6 8. Be3 a5
9. g3 a4 10. Bg2 Nb6 11. Rb1 h5 12. O-O Nc6 13. h3 Na5 14. Qe1 Nac4 15. Bf2 Bd7
16. Nc1 Qb8 17. Nd3 Qa7 18. Nc5 Bc6 19. Bf3 Qa5 20. Nd3 Nd7 21. Kg2 b6 22. g4
hxg4 23. hxg4 O-O-O 24. Rh1 Rxh1 25. Kxh1 Bb7 26. Kg2 Rh8 27. Ne2 Nd2 28. Rd1
Rh2+ 0-1

[Event "World Senior 50+ 2014"]
[Site "Katerini GRE"]
[Date "2014.10.29"]
[Round "6.8"]
[White "Malinin, Vasily B."]
[Black "Stepovoj, Vladimir"]
[Result "1/2-1/2"]
[WhiteTitle "GM"]
[BlackTitle "IM"]
[WhiteElo "2280"]
[BlackElo "2323"]
[WhiteFideId "4140249"]
[BlackFideId "4120159"]
[EventDate "2014.10.24"]

1. d4 d5 2. c4 c6 3. Nf3 dxc4 4. a4 Nf6 5. Nc3 Bg4 6. Ne5 Bh5 7. h3 Nfd7 8. g4
Nxe5 9. dxe5 Qxd1+ 10. Kxd1 Bg6 11. f4 f5 12. e4 fxg4 13. hxg4 Bf7 14. f5 e6 15.
Bxc4 Na6 16. g5 O-O-O+ 17. Ke2 Bc5 18. Bxa6 bxa6 19. Be3 Bb6 20. Bxb6 axb6 21.
Ke3 Rde8 22. Kf4 Rhf8 23. Rad1 exf5 24. exf5 Bg6 25. f6 Re6 26. b4 h6 27. Rc1
hxg5+ 28. Kxg5 Bd3 29. Kf4 gxf6 30. Nd5 Rxe5 31. Rxc6+ Kd7 32. Rxf6 Re4+ 33. Kf3
Re6 34. Rxf8 Be4+ 35. Kf2 1/2-1/2

[Event "World Senior 50+ 2014"]
[Site "Katerini GRE"]
[Date "2014.10.29"]
[Round "6.9"]
[White "Bouaziz, Slim"]
[Black "Alexakis, Dimitrios"]
[Result "1/2-1/2"]
[WhiteTitle "GM"]
[WhiteElo "2321"]
[BlackElo "2224"]
[WhiteFideId "5500010"]
[BlackFideId "4200527"]
[EventDate "2014.10.24"]

1. e4 c5 2. c3 e6 3. d4 cxd4 4. cxd4 d5 5. e5 Nc6 6. Nf3 Qb6 7. Nc3 Bd7 8. Be2
Nh6 9. Bxh6 gxh6 10. Qd2 O-O-O 11. O-O Kb8 12. Rfc1 Be7 13. Na4 Qb4 14. Qxb4
Nxb4 15. Nc5 Bxc5 16. dxc5 Nc6 17. a3 f6 18. exf6 Rdf8 19. Bb5 Rxf6 20. Bxc6
bxc6 21. Ne5 Kc7 22. g3 h5 23. h4 Rg8 24. Rc3 Rb8 25. b4 Be8 26. Rd1 Bg6 27. Rd4
Rbf8 28. f4 Rb8 29. Kf2 Bf5 30. Ke3 Rff8 31. Kd2 a5 32. bxa5 Rb2+ 33. Kd1 Rfb8
34. Rb4 R8xb4 35. axb4 Rxb4 36. Ra3 d4 37. a6 Be4 38. a7 Rb1+ 39. Kd2 Rb2+ 40.
Kd1 Rb1+ 1/2-1/2

[Event "World Senior 50+ 2014"]
[Site "Katerini GRE"]
[Date "2014.10.29"]
[Round "6.10"]
[White "Heinig, Wolfram"]
[Black "Yasin, Hur"]
[Result "1/2-1/2"]
[WhiteTitle "FM"]
[WhiteElo "2296"]
[BlackElo "2138"]
[WhiteFideId "4611926"]
[BlackFideId "6300170"]
[EventDate "2014.10.24"]

1. d4 Nf6 2. c4 e6 3. g3 d5 4. Nf3 Be7 5. Bg2 O-O 6. O-O b6 7. Nc3 Bb7 8. Ne5 c6
9. Bf4 dxc4 10. Nxc4 Nd5 11. Rc1 Nxf4 12. gxf4 Qc8 13. e3 c5 14. Ne4 Rd8 15. Qh5
g6 16. Qh6 Bd5 17. dxc5 bxc5 18. Ne5 Nd7 19. Nxf7 Kxf7 20. Qxh7+ Kf8 21. Qxg6
Rb8 22. Qh6+ Kf7 23. Qh7+ Kf8 24. Qh6+ Kf7 25. Qh7+ Kf8 26. Rfd1 Bxe4 27. Bxe4
Nf6 28. Qh6+ Kg8 29. Qg6+ Kh8 30. Qh6+ Kg8 31. Qg6+ Kh8 32. Qh6+ 1/2-1/2

[Event "World Senior 50+ 2014"]
[Site "Katerini GRE"]
[Date "2014.10.29"]
[Round "6.11"]
[White "Shevelev, Arkady"]
[Black "Kempen, Leon"]
[Result "1/2-1/2"]
[WhiteTitle "IM"]
[BlackTitle "CM"]
[WhiteElo "2295"]
[BlackElo "1949"]
[WhiteFideId "2802163"]
[BlackFideId "3203786"]
[EventDate "2014.10.24"]

1. e4 e6 2. d4 d5 3. Nd2 c5 4. exd5 exd5 5. Bb5+ Bd7 6. Qe2+ Be7 7. dxc5 Nf6 8.
Nb3 O-O 9. Be3 Re8 10. Nf3 a6 11. Bd3 Ba4 12. Nbd4 Bxc5 13. h3 Bd7 14. O-O Nc6
15. c3 Rc8 16. Rfe1 Ne5 17. Nxe5 Rxe5 18. Qc2 Qc7 19. Qd2 Rce8 20. Bg5 Ne4 21.
Bxe4 Rxe4 22. Rxe4 Rxe4 23. Nb3 Qb6 24. Nxc5 Qxc5 25. Be3 Qb5 26. b3 Re8 27. Rd1
Be6 28. Bd4 f6 29. Re1 Bf7 30. Rxe8+ Qxe8 31. Qf4 Qd7 32. Qg3 Kh8 33. Qb8+ Be8
34. Kh2 h6 35. Qf4 Bg6 36. f3 Kh7 37. Kg3 Bb1 38. Qd2 Qd6+ 39. Kf2 Qa3 1/2-1/2

[Event "World Senior 50+ 2014"]
[Site "Katerini GRE"]
[Date "2014.10.29"]
[Round "6.12"]
[White "Limono, Handjojo"]
[Black "Habibi, Ali"]
[Result "0-1"]
[BlackTitle "IM"]
[WhiteElo "1801"]
[BlackElo "2247"]
[WhiteFideId "7102909"]
[BlackFideId "4604393"]
[EventDate "2014.10.24"]

1. c4 e5 2. g3 Nc6 3. Bg2 f5 4. Nc3 Nf6 5. d3 d6 6. e3 Be7 7. Nge2 O-O 8. O-O
Kh8 9. Nd5 Nxd5 10. Bxd5 Bf6 11. Nc3 Ne7 12. Bg2 c6 13. Bd2 Be6 14. e4 g6 15.
Rb1 Bg7 16. Qc1 Ng8 17. b4 a6 18. a4 f4 19. b5 axb5 20. axb5 g5 21. bxc6 bxc6
22. f3 Ne7 23. Qb2 h5 24. Qb6 Qd7 25. Qb7 Rfd8 26. Rb2 Qe8 27. Rfb1 Bf6 28. Ne2
Kg7 29. Qb6 Qd7 30. Qf2 Ra7 31. Kf1 Rda8 32. Bc3 c5 33. h4 Ng6 34. hxg5 Bxg5 35.
gxf4 Nxf4 36. Nxf4 Bxf4 37. Qh4 Kg6 38. Bd2 Bxd2 39. Rxd2 Qd8 40. Qxd8 Rxd8 41.
Kf2 h4 42. Rh1 Rh8 43. Bh3 Bxh3 44. Rxh3 Ra1 45. Kg2 Kg5 46. Kh2 Rha8 47. Rg2+
Kh5 48. f4 exf4 49. Rf3 Rf8 50. Rg7 Rf6 51. Rg8 Re1 52. Kg2 Re2+ 53. Kh3 Re3 54.
Kg2 Rg6+ 55. Rxg6 Kxg6 56. Rxf4 h3+ 57. Kh2 Rxd3 58. Rf2 Kg5 59. Rf8 Kg4 60.
Rg8+ Kf4 61. Re8 Rd4 62. Re6 Rxe4 63. Rxd6 Rxc4 64. Kxh3 Ke5 65. Rd8 Rf4 66. Kg3
Rf6 67. Kg2 Ke4 68. Rd7 c4 0-1

[Event "World Senior 50+ 2014"]
[Site "Katerini GRE"]
[Date "2014.10.29"]
[Round "6.13"]
[White "Frick, Christoph"]
[Black "Findlay, David John"]
[Result "1/2-1/2"]
[WhiteElo "2241"]
[BlackElo "2162"]
[WhiteFideId "4607090"]
[BlackFideId "2400278"]
[EventDate "2014.10.24"]

1. e4 e5 2. Nf3 d6 3. d4 exd4 4. Nxd4 g6 5. Nc3 Bg7 6. Be3 Nf6 7. Qd2 O-O 8.
O-O-O Re8 9. f3 Nc6 10. g4 a6 11. h4 Ne5 12. Bh6 Bh8 13. Qf4 b5 14. h5 Bb7 15.
Be2 Qe7 16. Nf5 Qe6 17. Nd4 Qe7 18. Rd2 Rab8 19. Qh2 Nc4 20. Bxc4 bxc4 21. Bf4
Nd7 22. hxg6 fxg6 23. Bg5 Bf6 24. Bxf6 Nxf6 25. g5 Nh5 26. f4 Qf7 27. f5 Bxe4
28. Nxe4 Rxe4 29. c3 Rbe8 30. f6 Qd5 31. Nf3 Qf5 32. Qg2 Nf4 33. Qh2 Nh5 34. Qg2
Re3 35. Nd4 Re1+ 36. Rd1 Rxd1+ 37. Rxd1 Qf4+ 38. Kc2 Qe4+ 39. Qxe4 Rxe4 40. Nc6
Ng3 41. Rd5 Re2+ 42. Kc1 Re1+ 43. Kc2 Re2+ 1/2-1/2

[Event "World Senior 50+ 2014"]
[Site "Katerini GRE"]
[Date "2014.10.29"]
[Round "6.14"]
[White "Osmolny, Vladimir I."]
[Black "Nikolaidis, Konstantinos"]
[Result "1/2-1/2"]
[WhiteTitle "FM"]
[BlackTitle "FM"]
[WhiteElo "2154"]
[BlackElo "2178"]
[WhiteFideId "24137049"]
[BlackFideId "4200578"]
[EventDate "2014.10.24"]

1. d4 Nf6 2. c4 e6 3. Nf3 b6 4. g3 Ba6 5. Qa4 Bb7 6. Bg2 c5 7. dxc5 bxc5 8. O-O
Be7 9. Rd1 O-O 10. Nc3 Qb6 11. Bf4 Rd8 12. Rd2 d6 13. Rb1 Bc6 14. Qc2 h6 15. h3
Na6 16. g4 Nb4 17. Qb3 Na6 18. Qxb6 axb6 1/2-1/2

[Event "World Senior 50+ 2014"]
[Site "Katerini GRE"]
[Date "2014.10.29"]
[Round "6.15"]
[White "Sideris, Nikiforos"]
[Black "Giulian, Philip M"]
[Result "1/2-1/2"]
[BlackTitle "FM"]
[WhiteElo "2017"]
[BlackElo "2177"]
[WhiteFideId "4204271"]
[BlackFideId "2400197"]
[EventDate "2014.10.24"]

1. c4 f5 2. Nc3 Nf6 3. g3 g6 4. Bg2 Bg7 5. Nf3 d6 6. d4 O-O 7. O-O c6 8. d5 e5
9. dxe6 Bxe6 10. Qd3 Nbd7 11. Bf4 Nb6 12. b3 d5 13. cxd5 Nbxd5 14. Nxd5 Bxd5 15.
Be5 Re8 16. Bb2 Qe7 17. e3 Rad8 18. Qc3 Ne4 1/2-1/2

[Event "World Senior 50+ 2014"]
[Site "Katerini GRE"]
[Date "2014.10.29"]
[Round "6.16"]
[White "Gamback, Bjorn"]
[Black "Pashkov, Vladimir M."]
[Result "0-1"]
[WhiteElo "2109"]
[BlackElo "1818"]
[WhiteFideId "1703161"]
[BlackFideId "24194778"]
[EventDate "2014.10.24"]

1. d4 d5 2. c4 e6 3. Nc3 Nf6 4. cxd5 exd5 5. Bg5 Be7 6. Qc2 O-O 7. e3 Nbd7 8.
Nf3 h6 9. Bf4 c6 10. h3 Re8 11. Bd3 Nf8 12. Bh2 Bd6 13. Bxd6 Qxd6 14. O-O-O Be6
15. Kb1 Rec8 16. Rc1 b6 17. g4 a6 18. g5 hxg5 19. Rhg1 g4 20. hxg4 Bxg4 21. Ne5
Bh5 22. Rg2 Ne6 23. Rcg1 c5 24. Bf5 Rc7 25. Qd2 b5 26. Nd3 c4 27. Nf4 b4 28.
Ncxd5 Nxd5 29. Nxh5 c3 30. Qd3 b3 31. Bxe6 bxa2+ 32. Ka1 cxb2+ 33. Kxb2 Rb8+ 34.
Ka1 Rb1+ 35. Rxb1 axb1=Q+ 36. Kxb1 Qb4+ 37. Ka2 Nc3+ 38. Qxc3 Qxc3 39. Rxg7+ Kf8
40. Bb3 Rb7 0-1